000 00880nam a22002777a 4500
001 5389
003 FISKH
005 20241129155531.0
008 241129b cb ||||| |||| 00| 0 eng d
020 _a9780531186503
040 _aFISKH
_beng
_cFISKH
_dFISKH
050 _aGB1198.5
082 _a551.2
100 _aGallant, Roy A.
245 _aGeysers :
_b When the Earth Roars /
_cby Roy A. Gallant
260 _aNew York :
_bScholastic ;
_c1997.
300 _a64 pages :
_bcolor illustrations, maps ;
_c22 cm .
505 _aZ
520 _aDiscusses various aspects of geysers including their formation, location, anatomy, use by humans, and possible extinction.
521 8 _a1110
_bLexile
521 8 _aZ
_bRaz-Plus
650 _aearh science
_vnon-fiction
700 _aStorch, Samuel
_eExpert consultant
942 _2ddc
_cBK
_n0
999 _c5389
_d5389